| 000 | 00573nam a2200181 a 4500 | ||
|---|---|---|---|
| 001 | 1 | ||
| 003 | CDMR | ||
| 005 | 20131107164423.0 | ||
| 008 | 130130s1986||||||||||||||||||||||||||||d | ||
| 040 |
_aCDMR _bcat _cCDMR |
||
| 110 | 2 |
_aFederazione Nazionale della Stampa Italiana _91 |
|
| 245 | 1 | 0 |
_a"Oggi 26 luglio 1943 alle ore 9..." risorge la Federazione della Stampa _cFederazione Nazionale della Stampa Italiana |
| 260 |
_aRoma _c1986 _bSintesi Informazione |
||
| 300 | _a141 p. | ||
| 490 | 0 | _aQuaderni | |
| 610 | 2 |
_91 _aFederazione Nazionale della Stampa Italiana |
|
| 942 |
_cMON _2ddc |
||
| 999 |
_c1 _d1 |
||